| 000 | 00377pab a2200157 454500 | ||
|---|---|---|---|
| 008 | 180718b2010 xxu||||| |||| 00| 0 eng d | ||
| 100 | _aKanth, D. Ravi | ||
| 245 | _aClimate finance: Already in trouble | ||
| 260 | _c2010 | ||
| 300 | _ap.17-19. | ||
| 362 | _a18 Sep | ||
| 650 | _aClimatic change | ||
| 773 | _aEconomic and Political Weekly | ||
| 908 | _aN | ||
| 909 | _a88040 | ||
| 999 |
_c88040 _d88040 |
||